| 000 | 00600nam a2200157 4500 | ||
|---|---|---|---|
| 999 |
_c16543 _d16543 |
||
| 008 | 220223b ||||| |||| 00| 0 eng d | ||
| 022 | _a0091-4169 | ||
| 082 | _aDPer 364.05 J82 2011 v101 n.2 | ||
| 100 |
_aBedi, Monu. _944058 |
||
| 245 |
_aExcusing behavior: _breclassifying the federal common law defenses of duress and necessity relying on the victim's role/ _cMonu Bedi. |
||
| 260 |
_aEvanston: _bNorthwestern University Press, _cc2011. |
||
| 300 |
_av101 n2, pages 575-632; _c25 cm. |
||
| 500 | _aThe Journal of Criminal Law and Criminology. | ||
| 650 |
_aCriminal law. _944059 |
||
| 942 |
_2ddc _cPER |
||